书目信息 |
| 题名: |
显色剂及其在冶金分析中的应用
|
|
| 作者: | 潘教麦 著 | |
| 分册: | ||
| 出版信息: | 上海 上海科学技术出版社 1981 |
|
| 页数: | 447页 | |
| 开本: | 25cm | |
| 丛书名: | ||
| 单 册: | ||
| 中图分类: | TF03 | |
| 科图分类: | ||
| 主题词: | 熔炼-金属分析-显色剂-应用 , 金属分析-熔炼-显色剂-应用 , 显色剂-应用-熔炼-金属分析 | |
| 电子资源: | ||
| ISBN: | ||
| 000 | 00726nam0 2200253 45 | |
| 001 | 0181000433 | |
| 005 | 20060719104735.06 | |
| 010 | @dCNY2.65 | |
| 091 | @a15119.2125 | |
| 100 | @a19950622d1981 em y0chiy0121 ea | |
| 101 | 0 | @achi |
| 102 | @aCN@b310000 | |
| 105 | @ay z 000yy | |
| 200 | 10 | @a显色剂及其在冶金分析中的应用@Axian se ji ji qi zai ye jin fen xi zhong de ying yong@f潘教麦著 |
| 210 | @a上海@c上海科学技术出版社@d1981 | |
| 215 | @a447页@d25cm | |
| 606 | @a熔炼-金属分析-显色剂-应用 | |
| 606 | @a金属分析-熔炼-显色剂-应用 | |
| 606 | @a显色剂-应用-熔炼-金属分析 | |
| 690 | @aTF03@v3 | |
| 701 | 0 | @a潘教麦@Apan jiao mai@4著 |
| 801 | 2 | @aCN@bNLC@c20060719 |
| 801 | 0 | @aCN@bTSSF |
| 905 | @a10447@dTF03@e8 | |
| 显色剂及其在冶金分析中的应用/潘教麦著.-上海:上海科学技术出版社,1981 |
| 447页;25cm |
| ISBN :CNY2.65 |
| ● |
| 相关链接 |
|
|
|
|
正题名:显色剂及其在冶金分析中的应用
索取号:TF03/8
 
预约/预借
| 序号 | 登录号 | 条形码 | 馆藏地/架位号 | 状态 | 备注 |
| 1 | 0437465 | 204374658 | 密集书库/ [索取号:TF03/8] | 在馆 | |
| 2 | 0437466 | 204374667 | 密集书库/ [索取号:TF03/8] | 在馆 |